000 00631nam a2200265Ia 4500
005 20260121170943.0
008 008 260114s9999 xx 000 0 eng d
020 _a9789811089022
037 _aEBOOK
040 _aCRL
040 _beng
040 _cCRL
041 _2eng
041 _aeng
084 _qCRL
100 _aOrlando Nang Kwok Ho
_91070220
245 0 _aRethinking the Curriculum
260 _bSpringer
260 _bSpringer
260 _c2018
856 _uhttps://link.springer.com/openurl?genre=book&isbn=978-981-10-8902-2
942 _cEBOOK
999 _c1635950
_d1635950